El laberinto de agua del Amazonas.

El río Amazonas. La llegada de los primeros colonizadores. Pizarro. El cruce de las montañas. Vegetación de las selva tropical. Los animales. Las medicinas naturales y las armas. Insectos de la Amazonia.

Guardado en:
Formato: Deslizar
Series:El Descubrimiento de América
Materias:
RIO
Etiquetas: Agregar Etiqueta
Sin Etiquetas, Sea el primero en etiquetar este registro!
LEADER 01108ngm a22003135g 4500
001 CEM.cems021484
008 130507b1992##################0###0#####d
005 20240826172322.0
245 1 0 |a El laberinto de agua del Amazonas. 
490 0 |a El Descubrimiento de América 
500 |a En soporte VHS, consultar en ventanilla. 
520 |a El río Amazonas. La llegada de los primeros colonizadores. Pizarro. El cruce de las montañas. Vegetación de las selva tropical. Los animales. Las medicinas naturales y las armas. Insectos de la Amazonia. 
538 |a Soporte: VHS - Norma: PAL N - Color - Grabación DRD 1992 - Hitachi=1526. 
082 0 4 |a 918/DES: 
653 |a AMERICA-HISTORIA 
653 |a INSECTOS 
653 |a RIO 
653 |a MEDICINAS NATURALES 
653 |a SELVA TROPICAL 
653 |a AGUA 
653 |a ARMAS 
653 |a AMERICA 
653 |a AMAZONAS 
653 |a COLONIZADORES 
653 |a AMERICA-GEOGRAFIA 
653 |a GEOGRAFIA 
653 |a NIVEL PRIMARIO 
653 |a NIVEL SECUNDARIO 
859 |a CEMS  |b BIB. CEMS - Depto. Recursos Didacticos  |h 918  |i DES  |k DRD  |p 127.12  |t Ej.1